000 01276cam a22002175a 4500
001 L159180
008 160304s2016 xxk f 000 0 eng d
020 _a9781784900304
035 _a(Sirsi) u159180
041 0 _aeng
110 2 _aBritish Retail Consortium
_91582
245 0 0 _aRetail 2020
_bFewer but better jobs
_h[electronic resource]
260 _aLondon
_bBRC
_c2016
520 _aFirst in a series of three reports looking at the future of the retail industry in the UK. Identifies a number of factors which will have an impact on the retail sector including the introduction of the National Living Wage and the apprenticeship levy, growth in online shopping and automation. Predicts that there will be a reduction in the number of people employed in the sector which is currently the largest employee in the private sector. Calls for a review of business rates to help the sector. Concludes there will be fewer jobs but better quality positions in terms of reward and conditions of employment.
590 _aKA
650 2 4 _aRETAIL
651 4 _aUnited Kingdom
_y
690 _aCommercial property
_96227
856 4 0 _uhttps://brc.org.uk/making-a-difference/priorities/retail-2020
_zView the item free of charge from the www.brc.org.uk website.
942 _n0
999 _c115722
_d115722